| 000 | 00469nam a2200181Ia 4500 | ||
|---|---|---|---|
| 003 | GCL | ||
| 008 | 140319s9999 xx 000 0 ara d | ||
| 040 |
_aGCL / _cGCL |
||
| 082 | 0 | 4 |
_a810.9 _bس م |
| 100 | 1 | _aسامح كريم | |
| 245 | 1 | 0 |
_aماذا يبقى من العقاد..? / _cسامح كريم |
| 300 | _a389 | ||
| 490 |
_aكتاب _v0 |
||
| 650 | 0 | 4 | _aالادب العربى |
| 650 | 0 | 4 | _aتاريخ ونقد |
| 650 | 0 | 4 | _aالعقاد |
| 942 |
_2ddc _cBK |
||
| 999 |
_c43151 _d43151 |
||